000 00711aam a2200277 4500
005 20250818125744.0
008 150729b1987 xxu||||| |||| 00| 0 spa d
020 _a9977642710
041 _aESP
082 _a333.783.097.286 W732c
100 _aWille Trejos, Alvaro
245 _aCorcovado: meditaciones de un biólogo - un estudio ecológico
250 _a2 edición
260 _aCosta Rica
260 _bEUNED
260 _c1987
300 _a428 páginas
490 _aTurismo
650 _aPARQUES NACIONALES
650 _aCORCOVADO
650 _aRESERVAS DE TIERRAS
650 _aPENINSULA DE OSA
650 _aREFUGIOS DE VIDA SILVESTRE
650 _aCOSTA RICA
942 _cBK
_2ddc
999 _c385
_d385